书目信息 |
| 题名: |
刘伯承用兵录
|
|
| 作者: | 陈斐琴 , 杨国宇 编 | |
| 分册: | ||
| 出版信息: | 北京 战士出版社 1982 |
|
| 页数: | 230页 | |
| 开本: | 21cm | |
| 丛书名: | ||
| 单 册: | ||
| 中图分类: | E297.4 | |
| 科图分类: | ||
| 主题词: | 战争史--中国 , 军事史--中国 | |
| 电子资源: | ||
| ISBN: | ||
| 000 | 00717nam0 2200265 45 | |
| 001 | 0182008451 | |
| 005 | 20060913111918.14 | |
| 010 | @dCNY0.86 | |
| 091 | @a10185.16 | |
| 100 | @a19950222d1982 em y0chiy0121 ea | |
| 101 | 0 | @achi |
| 102 | @aCN@b110000 | |
| 105 | @ay z 000yy | |
| 200 | 10 | @a刘伯承用兵录@Aliu bo cheng yong bing lu@f杨国宇, 陈斐琴编 |
| 210 | @a北京@c战士出版社@d1982 | |
| 215 | @a230页@d21cm | |
| 600 | 0 | @a刘伯承@x军事思想@x研究 |
| 606 | 0 | @a战争史@x中国 |
| 606 | 0 | @a军事史@x中国 |
| 690 | @aE297.4 | |
| 701 | 0 | @a陈斐琴@Achen fei qin@4编 |
| 701 | 0 | @a杨国宇@Ayang guo yu@4编 |
| 801 | 2 | @aCN@bNLC@c20060913 |
| 801 | 0 | @aCN@b上海图书馆@c20060820 |
| 905 | @f2@b200283-284@dE297.4@e21 | |
| 刘伯承用兵录/杨国宇, 陈斐琴编.-北京:战士出版社,1982 |
| 230页;21cm |
| ISBN :CNY0.86 |
| ● |
| 相关链接 |
|
|
|
|
正题名:刘伯承用兵录
索取号:E297.4/21
 
预约/预借
| 序号 | 登录号 | 条形码 | 馆藏地/架位号 | 状态 | 备注 |
| 1 | 0441773 | 204417737 | 密集书库/ [索取号:E297.4/21] | 在馆 | |
| 2 | 0465321 | 204653213 | 密集书库/ [索取号:E297.4/21] | 在馆 | |
| 3 | 0465322 | 204653222 | 密集书库/ [索取号:E297.4/21] | 在馆 | |
| 4 | 0465492 | 204654926 | 密集书库/ [索取号:E297.4/21] | 在馆 | |
| 5 | 0471366 | 204713667 | 密集书库/ [索取号:E297.4/21] | 在馆 | |
| 6 | 0473199 | 204731996 | 密集书库/ [索取号:E297.4/21] | 在馆 |